000 03244cam a22005174i 4500
003 PE-LiUPU
005 20250731183438.0
008 150706s2007 r 000 0 d
020 _a9789709726718 (español)
020 _a9789709726725 (inglés)
035 _a(Sirsi) i9789709726718
040 _aPE-LiUPU
_bspa
_cPE-LiUPU
_erda
049 _aPRUA
082 0 4 _a747.272
_bH22
_221
100 1 _aHaro Lebrija, Fernando de,
_eautor.
245 1 0 _aInteriores mexicanos :
_bformas contemporáneas /
_cFernándo de Haro y Omar Fuentes.
264 1 _aMéxico :
_bArquitectos Mexicanos Editores,
_c2007.
300 _a189 páginas :
_bilustraciones ;
_c29 cm.
336 _atext
_2rdacontent
337 _aunmediated
_2rdamedia
338 _avolume
_2rdacarrier
500 _aTextos en español e ingles en paralelo.
505 0 _aGuillermo almazán cueto y gerardo varela elizondo -- Daniel álvarez -- Mariangel álvarez coghlan y covadonga hernámdez garcía -- Mario armella maza y mario armella gullette -- Féliz blanco -- Fernando de haro l., jesús fernández s., omar fuentes e. y bertha figueroa p -- gina diez barroso de franklin -- avelino gonzález espinoza, maribel gonzáles de danel y blanca gonzález de olavarrieta -- Francisco guzmán giraud -- Ricardo legorreta, víctor legorreta, miguel almaraz, adriana ciklik y carlos vargas -- José antonio madrid -- Juan salvador martínez y luis martín sordo -- Olga mussali hanono y sara mizrahi edid -- sergio portillo alarcón y rodrigo romero de la mora -- Guillermo quintana cancino -- Javier valenzuela gorozpe, fernando valenzuela gorozpe, guillermo valenzuela gorozpe.
526 _aP158
526 _aP146
526 _aP17
526 _aP12
526 _aP06
541 _g015-0015390;
541 _g015-0016390;
650 0 4 _aDecoración de interiores
_zMéxico
_xLibros de láminas.
650 0 4 _aDecoración de interiores
_zMéxico
_xHistoria
_ySiglo XX
_x Libros de láminas.
650 0 4 _aDecoración de interiores
_zMéxico
_xHistoria
_ySiglo XXI
_xLibros de láminas.
650 0 4 _aArquitectura de interiores
_zMéxico
_xLibros de láminas.
650 0 4 _aArquitectura de interiores
_zMéxico
_xHistoria
_ySiglo XX
_xLibros de láminas.
650 0 4 _aArquitectura de interiores
_zMéxico
_xHistoria
_ySiglo XXI
_xLibros de láminas.
700 1 _aFuentes Elizondo, Omar,
_eautor.
910 _cng
_d20130606
942 _2ddc
_cBOOK
949 _a747.272 H22
_wDEWEY
_c1
_i67498
_lCCODEBUL1
_mBUL
_p58.00
_r0
_sY
_tBOOK
_u2015-7-6
_xINGENIERIA
_PP06
_o.STAFF. Colección General
949 _a747.272 H22
_wDEWEY
_c2
_i69773
_lCCODEBUL1
_mBUL
_p54.00
_r0
_sY
_tBOOK
_u2015-7-6
_xINGENIERIA
_PP06
_o.STAFF. Colección General
994 _aC0
_bPEPRU
596 _a1
999 _a747.272 H22
_wDEWEY
_c55129
_i67498
_d55129
_f2021-11-10
_g7
_lCCODEBUL1
_mBUL
_p58.00
_q1
_r0
_sY
_tBOOK
_u2015-7-6
_xINGENIERIA
_PP06
_0COMPRA
_o.STAFF. Colección General
999 _a747.272 H22
_wDEWEY
_c2
_i69773
_f2021-11-10
_g7
_lCCODEBUL1
_mBUL
_p54.00
_r0
_sY
_tBOOK
_u2015-7-6
_xINGENIERIA
_PP06
_0COMPRA
_o.STAFF. Colección Ingenieria y Arquitectura
980 _81
_gALBERTO SANCHEZ Responsable de Automatización